000 00854nam a22002537a 4500
005 20250513160203.0
008 250513b |||||||| |||| 00| 0 eng d
020 _a9789395116237
040 _aLCT
_cLCT
041 _2eng
_aeng
_heng
084 _aV2:2: (Z) Q15
100 _aJain, M.P.
_9784252
245 _aIndian Constitutional Law/
250 _a7th ed.
260 _aGurgaon, India:
_bLexis Nexis,
_c2015
300 _aclxxxviii, 2027p.
500 _aone is replaced with 8th edition on accession Number LT0025717 by the users.
650 _aConstitution of India
_9784253
650 _aconstitutional jurisprudence
_9747484
650 _aGoods and Services Tax
_9747485
650 _aConstitutional amendments and comments
_9747486
650 _aReservation
_9747487
942 _2CC
_cREF
_hV2:2: (Z) Q15
_n0
999 _c1400815
_d1400815